MARC details
| 000 -LEADER |
| campo de control de longitud fija |
02437nam a22006497a 4500 |
| 003 - IDENTIFICADOR DE NÚMERO DE CONTROL |
| campo de control |
OSt |
| 005 - FECHA Y HORA DE LA ÚLTIMA TRANSACCIÓN |
| campo de control |
20230413125126.0 |
| 008 - DATOS DE LONGITUD FIJA--INFORMACIÓN GENERAL |
| campo de control de longitud fija |
221006b |||||||| |||| 00| 0 eng d |
| 040 ## - FUENTE DE CATALOGACIÓN |
| Centro/agencia transcriptor |
Biblioteca Lado V |
| 082 ## - NÚMERO DE LA CLASIFICACIÓN DECIMAL DEWEY |
| Número de clasificación |
700 |
| Número de ítem |
K41a |
| 100 ## - ENTRADA PRINCIPAL--NOMBRE DE PERSONA |
| 9 (RLIN) |
797 |
| Nombre de persona |
Kerraoul, Jean Pierre de |
| Término indicativo de función/relación |
editor |
| -- |
director |
| 245 ## - MENCIÓN DEL TÍTULO |
| Título |
Artpress/ |
| Resto del título |
Special/ |
| 260 ## - PUBLICACIÓN, DISTRIBUCIÓN, ETC. |
| Nombre del editor, distribuidor, etc. |
Court Gallerie |
| Fecha de publicación, distribución, etc. |
2001 |
| Lugar de publicación, distribución, etc. |
Paris |
| 300 ## - DESCRIPCIÓN FÍSICA |
| Dimensiones |
21x28cm |
| Extensión |
170p. |
| 366 ## - INFORMACIÓN SOBRE DISPONIBILIDAD COMERCIAL |
| Nota |
eng |
| 366 ## - INFORMACIÓN SOBRE DISPONIBILIDAD COMERCIAL |
| Nota |
fre |
| 490 ## - MENCIÓN DE SERIE |
| Designación de volumen o secuencia |
01 |
| -- |
2001 |
| Mención de serie |
22 |
| Número Internacional Normalizado para Publicaciones Seriadas |
0245 5676 |
| 505 ## - NOTA DE CONTENIDO CON FORMATO |
| Título |
Ecosystemes du monde de l'art |
| 505 ## - NOTA DE CONTENIDO CON FORMATO |
| Título |
L'art, et la terre sous le ciel |
| 505 ## - NOTA DE CONTENIDO CON FORMATO |
| Título |
Le papillon schizopherene |
| 505 ## - NOTA DE CONTENIDO CON FORMATO |
| Título |
Un marche d l'art en pleine mutation |
| 505 ## - NOTA DE CONTENIDO CON FORMATO |
| Título |
Lettre a un jeune artiste |
| 505 ## - NOTA DE CONTENIDO CON FORMATO |
| Título |
L'effect bande-annonce |
| 505 ## - NOTA DE CONTENIDO CON FORMATO |
| Título |
L'enseigment artistique |
| 505 ## - NOTA DE CONTENIDO CON FORMATO |
| Título |
L'art dans les nouveaux espaces de sociabilite |
| 505 ## - NOTA DE CONTENIDO CON FORMATO |
| Título |
Art, musee et nouveaux espaces de sociabilite |
| 505 ## - NOTA DE CONTENIDO CON FORMATO |
| Título |
Art, musee et nouvelles technologies |
| 505 ## - NOTA DE CONTENIDO CON FORMATO |
| Título |
L'artiste mediateur |
| 505 ## - NOTA DE CONTENIDO CON FORMATO |
| Título |
Ouverture apres travaux |
| 505 ## - NOTA DE CONTENIDO CON FORMATO |
| Título |
Pour une litterature internationale |
| 505 ## - NOTA DE CONTENIDO CON FORMATO |
| Título |
D'une etrange pratique du centre national du livre |
| 505 ## - NOTA DE CONTENIDO CON FORMATO |
| Título |
La double vitesse du marche de l'art contemporain |
| 505 ## - NOTA DE CONTENIDO CON FORMATO |
| Título |
Tout doit disparatre |
| 505 ## - NOTA DE CONTENIDO CON FORMATO |
| Título |
Mondialisation, globalisation, metissages... |
| 505 ## - NOTA DE CONTENIDO CON FORMATO |
| Título |
lES CHEMINS DE LA RECONNAISSANCE |
| 505 ## - NOTA DE CONTENIDO CON FORMATO |
| Título |
Economics Art, l'heure du bilan |
| 505 ## - NOTA DE CONTENIDO CON FORMATO |
| Título |
Les petits salaires du monde de l'art |
| 505 ## - NOTA DE CONTENIDO CON FORMATO |
| Título |
lE DESING COMME CULTURE DU PROJET |
| 505 ## - NOTA DE CONTENIDO CON FORMATO |
| Título |
Du temps expose |
| 505 ## - NOTA DE CONTENIDO CON FORMATO |
| Título |
Les Zines innommables |
| 505 ## - NOTA DE CONTENIDO CON FORMATO |
| Título |
Architecture: de la necessite au hasard |
| 505 ## - NOTA DE CONTENIDO CON FORMATO |
| Título |
Des lieux alternatifs la ou il faut |
| 505 ## - NOTA DE CONTENIDO CON FORMATO |
| Título |
Pourquoi des fondations? |
| 505 ## - NOTA DE CONTENIDO CON FORMATO |
| Título |
West - East Side Story |
| 505 ## - NOTA DE CONTENIDO CON FORMATO |
| Título |
Paradoxes de la mondialisation |
| 505 ## - NOTA DE CONTENIDO CON FORMATO |
| Título |
Bibliographie |
| 650 ## - PUNTO DE ACCESO ADICIONAL DE MATERIA--TÉRMINO DE MATERIA |
| Fuente del encabezamiento o término |
Tesauro de Arte & Arquitectura |
| Término de materia o nombre geográfico como elemento de entrada |
ARTE |
| 9 (RLIN) |
703 |
| 650 ## - PUNTO DE ACCESO ADICIONAL DE MATERIA--TÉRMINO DE MATERIA |
| Fuente del encabezamiento o término |
Tesauro de Arte & Arquitectura |
| Término de materia o nombre geográfico como elemento de entrada |
EXPOSICIONES |
| 650 ## - PUNTO DE ACCESO ADICIONAL DE MATERIA--TÉRMINO DE MATERIA |
| Fuente del encabezamiento o término |
Tesauro de Arte & Arquitectura |
| Término de materia o nombre geográfico como elemento de entrada |
BIENAL |
| 650 ## - PUNTO DE ACCESO ADICIONAL DE MATERIA--TÉRMINO DE MATERIA |
| Fuente del encabezamiento o término |
Tesauro de Arte & Arquitectura |
| Término de materia o nombre geográfico como elemento de entrada |
APRECIACION |
| 650 ## - PUNTO DE ACCESO ADICIONAL DE MATERIA--TÉRMINO DE MATERIA |
| Fuente del encabezamiento o término |
Tesauro de Arte & Arquitectura |
| Término de materia o nombre geográfico como elemento de entrada |
TEORIA |
| 650 ## - PUNTO DE ACCESO ADICIONAL DE MATERIA--TÉRMINO DE MATERIA |
| Fuente del encabezamiento o término |
Tesauro de Arte & Arquitectura |
| Término de materia o nombre geográfico como elemento de entrada |
CRITICA |
| 650 ## - PUNTO DE ACCESO ADICIONAL DE MATERIA--TÉRMINO DE MATERIA |
| Fuente del encabezamiento o término |
Tesauro de Arte & Arquitectura |
| Término de materia o nombre geográfico como elemento de entrada |
FOTOGRAFIA |
| 9 (RLIN) |
702 |
| 650 ## - PUNTO DE ACCESO ADICIONAL DE MATERIA--TÉRMINO DE MATERIA |
| Fuente del encabezamiento o término |
Tesauro de Arte & Arquitectura |
| Término de materia o nombre geográfico como elemento de entrada |
LITERATURA |
| 650 ## - PUNTO DE ACCESO ADICIONAL DE MATERIA--TÉRMINO DE MATERIA |
| Fuente del encabezamiento o término |
Tesauro de Arte & Arquitectura |
| Término de materia o nombre geográfico como elemento de entrada |
PARIS |
| 942 ## - ELEMENTOS DE ENTRADA SECUNDARIOS (KOHA) |
| Fuente del sistema de clasificación o colocación |
Clasificación Decimal Dewey |
| Tipo de ítem Koha |
Libros |
| Parte de la signatura que corresponde a la clasificación (Parte de la clasificación) |
700 |
| Parte de la signatura que identifica el ejemplar (Parte del ítem) |
K41a |
| Suprimir en OPAC |
No |